000 00992cam a22002295a 4500
001 L157725
008 130411s2012 xxk f 000 0 eng d
020 _a9780199655021
035 _a(Sirsi) u157725
041 0 _aeng
050 0 4 _a711.026 $2 18
100 1 _aDuxbury, Robert
245 0 0 _aTelling and Duxbury's Planning Law and Procedure
250 _a15th ed.
260 _aOxford
_bOUP
_c2012
300 _alxiv, 494p.
_c25cm
520 _aCovers the fundamental principles of planning law in England and Wales and has fully updated to take account of significant developments in legislation and case law since the previous edition. It comprehensively covers all aspects of planning law and includes chapters on central and local administration, development, planning permission, environmental impact assessment, conservation and review by the courts and ombudsmen.
590 _aKA
651 4 _aENGLAND AND WALES
690 _aPlanning and development
_96259
942 _n0
999 _c114935
_d114935